Statistiques concernant Classement de la ligue 1 à la 30e journée 23/24

Cliquez ici pour prendre le quiz!

Statistiques générales

  • Ce quiz a été pris 174 fois
  • Le résultat moyen est 8 sur 18

Statistiques - réponses

HintRéponse% Correct
1erParis
100%
3eBrest
75%
4eLille
70%
5eNice
63%
6eLens
61%
2eMonaco
59%
9eMarseille
51%
18eClermont-ferrand/ Clermont
43%
8eLyon
39%
16eLe Havre
33%
13eStrasbourg
32%
17eLorient
31%
7eRennes
31%
10eReims
30%
11eToulouse
30%
14eNantes
25%
12eMontpellier
20%
15eMetz
19%

Distribution des résultats

Percentile par nombre de réponses

% des personnes avec chaque résultat

Votre développement - résultats

Vous n’avez pas pris ce quiz